000 00893nas a2200289 4500
001 BR9212833
003 BR-BrBNA
005 20231205094803.0
007 ta
008 230509b bl.|||p| |||| 00| 00por d
040 _aBR-BrBNA
_bpor
_cBiblioteca Nacional de Agricultura
041 _a(Pt)
072 _aL72
100 1 _aFenerich, F.L.
100 1 _aOliveira, S.M. de
100 1 _aVianna, W. de O.
100 1 _aRodrigues F.M.
245 1 _aEstudos epizootiologicos de nematoides gastrintestinais parasitas de bovinos na regiao de Campinas, estado de Sao Paulo, Brasil
650 _aBovino
650 _aNematoide
650 _ahelminto
650 _aFezes
650 _aSao Paulo
773 0 _tArquivos do Instituto Biologico (Brazil)
_xISSN 0020-3655
_g(Jan-Dec 1985), v. 52(1-4) p. 59-66
_wBR9212833
909 _a202311
_bLúcia
_c55
_dLúcia Elande
942 _2AGRIS
_n0
_cANA
999 _c146836
_d146836